| 000 | 00617cam a2200193 a 4500 | ||
|---|---|---|---|
| 020 | _a0767415922 | ||
| 040 | _cDLC | ||
| 082 | 0 | 0 | _a909 MOU 2001 A101 Or. |
| 100 | 1 | _aMatthews, Roy T. | |
| 245 | 1 | 4 | _aThe Western humanities / |
| 250 | _a4th ed. | ||
| 260 |
_aMountain View, Calif. : _bMayfield Pub. Co., _cc2001. |
||
| 300 |
_a1 v. (various pagings) : _bill. (some col.), col. maps ; _c28 cm. |
||
| 650 | 0 | _aCivilization, Western | |
| 700 | 1 | _aPlatt, F. DeWitt. | |
| 856 | 4 | 2 | _uhttp://www.loc.gov/catdir/description/mh024/99086580.html |
| 856 | 4 | 1 | _uhttp://www.loc.gov/catdir/toc/mh023/99086580.html |
| 942 | _cEK | ||
| 999 |
_c13041 _d13041 |
||